| 000 | 01057nmm a2200301 a 4500 | ||
|---|---|---|---|
| 003 | AR-BaBNM | ||
| 005 | 20251128203423.0 | ||
| 008 | 307019s1991 ||||||||||||||000 | spa|| | ||
| 040 | _cAR-BaBNM | ||
| 100 | 1 | _aAvila, Elvio Aroldo | |
| 245 | 1 | 0 |
_aCómo habla el santiagueño y el argentino _bdiccionario de voces usuales que el diccionario oficial no registra |
| 250 | _a2ª ed. | ||
| 260 |
_aBuenos Aires _bAgencia Periodística CID _c1991 |
||
| 300 | 0 | _a462 p. | |
| 500 | 1 | _aLa obra se presenta en varias partes e incluye: I. Santiago del Estero: substratos étnicos y lingüisticos, II. El habla regional, III. Semántica y vocabulario [diccionario propiamente dicho], IV. Frases y expresiones popularizadas, V. Estampas lugareñas: | |
| 650 | 4 | _aDICCIONARIOS | |
| 650 | 4 | _aLEXICOGRAFIA | |
| 650 | 4 | _aLINGUISTICA | |
| 650 | 4 | _aSEMANTICA | |
| 650 | 4 | _aLENGUAJE FAMILIAR | |
| 650 | 4 | _aESPANOL | |
| 651 | 4 | _aSantiago del Estero | |
| 653 | 0 | _aARGENTINISMOS | |
| 653 | 0 | _aQUECHUA | |
| 655 | _aREFERENCIA | ||
| 942 | _cBK | ||
| 998 | _claura | ||
| 999 |
_c3307 _d3307 |
||